<?xml version="1.0" encoding="UTF-8"?>
<record
    xmlns:xsi="http://www.w3.org/2001/XMLSchema-instance"
    xsi:schemaLocation="http://www.loc.gov/MARC21/slim http://www.loc.gov/standards/marcxml/schema/MARC21slim.xsd"
    xmlns="http://www.loc.gov/MARC21/slim">

  <leader>02173njm a2200289Ia 4500</leader>
  <controlfield tag="001">D3590</controlfield>
  <controlfield tag="003">IT-RoPAU</controlfield>
  <controlfield tag="005">20220918181114.0</controlfield>
  <controlfield tag="008">131025s9999    xx            000 0 und d</controlfield>
  <datafield tag="040" ind1=" " ind2=" ">
    <subfield code="a">IT-RoPAU</subfield>
  </datafield>
  <datafield tag="040" ind1=" " ind2=" ">
    <subfield code="c">IT-RoPAU</subfield>
  </datafield>
  <datafield tag="999" ind1=" " ind2=" ">
    <subfield code="c">99250</subfield>
    <subfield code="d">99250</subfield>
  </datafield>
  <datafield tag="999" ind1=" " ind2=" ">
    <subfield code="b">n.d.</subfield>
  </datafield>
  <datafield tag="100" ind1=" " ind2=" ">
    <subfield code="a">AA.VV.</subfield>
    <subfield code="9">794</subfield>
  </datafield>
  <datafield tag="100" ind1=" " ind2=" ">
    <subfield code="e">Autore musica</subfield>
    <subfield code="9">30843</subfield>
  </datafield>
  <datafield tag="100" ind1=" " ind2=" ">
    <subfield code="g">Codice autore musica SPICS: 12000</subfield>
    <subfield code="9">796</subfield>
  </datafield>
  <datafield tag="245" ind1=" " ind2=" ">
    <subfield code="a">Top of the Spot 3</subfield>
  </datafield>
  <datafield tag="250" ind1=" " ind2=" ">
    <subfield code="a">1a ed.</subfield>
  </datafield>
  <datafield tag="260" ind1=" " ind2=" ">
    <subfield code="a">ITALIA</subfield>
  </datafield>
  <datafield tag="260" ind1=" " ind2=" ">
    <subfield code="b">POLYGRAM</subfield>
    <subfield code="c">1995 [1a Ed.:1995 - Ed. Lingua Orig.: 1995]</subfield>
  </datafield>
  <datafield tag="300" ind1=" " ind2=" ">
    <subfield code="a">COMPACT DISC</subfield>
  </datafield>
  <datafield tag="300" ind1=" " ind2=" ">
    <subfield code="c">60 minuti (Testo:  pag.)</subfield>
  </datafield>
  <datafield tag="500" ind1=" " ind2=" ">
    <subfield code="a">Spot tv. Brani musicali di autori vari dei pi&#xF9; famosi spot pubblicitari.</subfield>
  </datafield>
  <datafield tag="505" ind1=" " ind2=" ">
    <subfield code="a">Love Is All Around [(The Troggs) (dallo spot tv Danone Vitasnella) (3:00)] - Stranger On the Shore [(Bilk Acker) (dallo spot tv  Antica Gelateria del Corso) (3:00)] - Stormy Weather [(Fitzgerald Ella) (dallo spot tv Bmv) (6:00)] - Sunny [(Hebb Bobby) (dallo spot tv Orologi Wyler Wetta) (3:00)] - I Heard It Through the Grapevine [(Creedence Clearwater Revival) (dallo spot tv Verdicchio Fazi Battaglia) (6:00)] - Break It To Me Gently [(Lee Brenda) (dallo spot tv Gelati Sanson) (3:00)] - The Locomotion [(Eva Little) (dallo spot tv Shampoo Johnson) (3:00)] - Samba pa ti [(Santana Carlos) (dallo spot tv La Cremeria) (3:00)] - Classico solo 26 [(dallo spot tv Divani &amp; Divani) (3:00)] - Stuck In the Middle With You [(Stealer's Wheel) (dallo spot tv Tuborg) (4:00)] - Blue Moon [(Holiday Billie) (dallo spot tv Pasta Barilla) (4:00)] - My Prayer [(The Platters) (dallo spot tv Confruit Mangia e Bevi) (3:00)] - Love Me Or Leave Me [(Simone Nina) (dallo spot tv Lenti a Contatto Freshlook) (5:00)] - Cherish [(Kool &amp; The Gang) (dallo spot tv  Biancheria Playtex) (5:00)] - Making Whoopee [(Armstrong Louis D.) (dallo spot tv Brut Riserva Conte di Cavour) (4:00)] - Maybe Baby [(Holly Buddy) (dallo spot tv Aia) (2:00)] - The Final Countdown [(Europe) (dallo spot tv Skoda Felicia) (6:00)]</subfield>
  </datafield>
  <datafield tag="650" ind1=" " ind2=" ">
    <subfield code="a">SPOT TV [COMPACT DISC]</subfield>
    <subfield code="e">Codice MATERIA SPICS: 9949</subfield>
    <subfield code="9">30844</subfield>
  </datafield>
  <datafield tag="700" ind1=" " ind2=" ">
    <subfield code="a">AA.VV.</subfield>
    <subfield code="d">Codice autore testo/musica SPICS: 12000</subfield>
    <subfield code="e">Autore testo/musica</subfield>
    <subfield code="9">30845</subfield>
  </datafield>
  <datafield tag="942" ind1=" " ind2=" ">
    <subfield code="c">CD</subfield>
    <subfield code="2">ddc</subfield>
  </datafield>
  <datafield tag="952" ind1=" " ind2=" ">
    <subfield code="0">0</subfield>
    <subfield code="1">0</subfield>
    <subfield code="4">0</subfield>
    <subfield code="6">D_3590_000000000000000</subfield>
    <subfield code="7">1</subfield>
    <subfield code="a">SPICS</subfield>
    <subfield code="b">SPICS</subfield>
    <subfield code="d">2013-10-25</subfield>
    <subfield code="l">0</subfield>
    <subfield code="o">D3590</subfield>
    <subfield code="r">2013-10-25 00:00:00</subfield>
    <subfield code="w">2013-10-25</subfield>
    <subfield code="y">CD</subfield>
    <subfield code="z">Progr. Ins.: 1912 / N.Vol.: 1 / Copie: 1 - Copia rara: n.d. / date import: 01.01.2014 - By Epidotti, Trombetti, Vaglietti</subfield>
  </datafield>
</record>
